Football Féminin : Listes des 23 Coupe du Monde 2019 - Statistiques

Statistiques générales
  • Ce quiz a été pris 24 fois
  • Le résultat moyen est 9 sur 24
Statistiques - réponses
Réponse % Correct
Wendie Renard
93%
Eugénie Le Sommer
87%
Corinne Diacre
60%
Kadidiatou Diani
60%
Pauline Peyraud-Magnin
60%
Sakina Karchaoui
60%
Delphine Cascarino
53%
Sarah Bouhaddi
53%
Amandine Henry
47%
Griedge Mbock
47%
Eve Perisset
40%
Amel Majri
33%
Grace Geyoro
33%
Marion Torrent
33%
Solène Durand
27%
Gaëtane Thiney
20%
Valérie Gauvin
20%
Élise Bussaglia
13%
Charlotte Bilbault
7%
Viviane Asseyi
7%
Aïssatou Tounkara
0%
Emelyne Laurent
0%
Julie Debever
0%
Maéva Clémaron
0%
Aucun quiz correspondant
Distribution des résultats
% des personnes avec chaque résultat
Percentile par nombre de réponses
Votre historique - résultats
Vous n’avez pas pris ce quiz